000 00936nac a22002657a 4500
001 BR6007434
003 BR-BrBNA
005 20240105113211.0
008 230509b bl.|||m| |||| 00| 0 por d
040 _aBR-BrBNA
_bpor
_cBiblioteca Nacional de Agricultura
072 _aE15; L00; E70
090 _aE15 BR6007434
110 1 _aCooperativa Central dos Produtores Rurais de Minas Gerais Ltda., Belo Horizonte (Brasil)
_92832
245 1 _aRelatorio anual 1973 [Cooperativa Central dos Produtores Rurais de Minas Gerais Ltda., Brasil]
260 3 _aBelo Horizonte, MG (Brasil):
_c1974.
300 _a34 p.
490 _aRelatorio - Cooperativa Central dos Produtores Rurais de Minas Gerais Ltda. (Brazil)
_v
_x
650 _aCOOPERATIVA DE PRODUTORES
650 _aVENDA
650 _aMANTEIGA
650 _aLEITE EM PO
650 _aMINAS GERAIS
909 _a202312
_bLúcia Elande
_c55
_dLúcia Elande
942 _2AGRIS
_n0
_cMS
999 _c262437
_d262437